Experience centric organization: (Record no. 197108)

MARC details
000 -LEADER
fixed length control field 00639nam a2200205Ia 4500
003 - CONTROL NUMBER IDENTIFIER
control field OSt
005 - DATE AND TIME OF LATEST TRANSACTION
control field 20260106133157.0
008 - FIXED-LENGTH DATA ELEMENTS--GENERAL INFORMATION
fixed length control field 210716s2019 xx 000 0 und d
020 ## - INTERNATIONAL STANDARD BOOK NUMBER
International Standard Book Number 9789352138746
040 ## - CATALOGING SOURCE
Transcribing agency AIMIT LIBRARYCLAS
041 ## - LANGUAGE CODE
Language code of text/sound track or separate title eng
082 ## - DEWEY DECIMAL CLASSIFICATION NUMBER
Classification number 005.767
Item number CLAS
100 ## - MAIN ENTRY--PERSONAL NAME
Personal name Clatworthy, Simon David.
9 (RLIN) 250325
245 ## - TITLE STATEMENT
Title Experience centric organization:
Remainder of title How to win through customer experience /
Statement of responsibility, etc. By Simon Clatworthy.
250 ## - EDITION STATEMENT
Edition statement 1st ed.
260 ## - PUBLICATION, DISTRIBUTION, ETC.
Place of publication, distribution, etc. Mumbai :
Name of publisher, distributor, etc. Shroff Publishers and Distributors Pvt Ltd ,
Date of publication, distribution, etc. 2019.
300 ## - PHYSICAL DESCRIPTION
Extent xv,249 p.;
Other physical details PB
650 ## - SUBJECT ADDED ENTRY--TOPICAL TERM
Topical term or geographic name entry element Analytics
9 (RLIN) 250326
942 ## - ADDED ENTRY ELEMENTS (KOHA)
Source of classification or shelving scheme Dewey Decimal Classification
Koha item type Book
Call number prefix 005.767 CLAS
Holdings
Withdrawn status Lost status Damaged status Not for loan Collection code Home library Current library Source of acquisition Cost, normal purchase price Total Checkouts Full call number Barcode Date last seen Cost, replacement price Price effective from Koha item type
        MCA St Aloysius Institute of Management & Information Technology St Aloysius Institute of Management & Information Technology Shroff Publishers 950.00   005.767 CLAS MCA16623 05/23/2026 712.50 07/16/2021 Book